00668nam a2200169 a 450000100100000000500170001000800410002704000250006810000290009324500760012226000310019830000330022956300660026274000480032895201050037699900170048100003871520201002031339.0130419s2002 ck 000 0 spa d aDO-SdBNPbspacBNPHU1 aCaicedo, Andrés96502110aAngelitos empantanados o historias para jovencitos /cAndrés Caicedo. aBogotá :bNorma ,c2002. a108, 33 p. ;c21 cm.c21 cm. aDos obras encuadernadas juntas con paginación independiente32aA propósito de Andrés Caicedo y su obra 001050718MOaPDbPDcCTd2013-04-19iLF1l0o p38715-10r2020-06-25w2020-06-25y1ZNo se presta c38205d38205